000 00491nam a22001697a 4500
003 NUST
005 20260417145808.0
008 260417b ||||| |||| 00| 0 eng d
020 _a 978-1849516693
082 _a910.285
_bSTE
100 _a Brian Youngblood, Stefano Lacovella.
_9134192
245 _aGeoServer Beginner’s Guide /
_c Brian Youngblood, Stefano Lacovella.
260 _b Packt Publishing,
_c2013.
300 _a326 p ;
_c32.2 cm
563 _aHardcover
942 _2ddc
_cBK
999 _c617163
_d617163